La celestina tragicomedia de Calisto y Melibea (Registro nro. 48422)
[ vista simple ]
| 000 -ENCABEZADO | |
|---|---|
| Número de control [NR] | 01040nam a2200265Ia 4500 |
| 008 - DE LONGITUD FIJA DE DATOS DE ELEMENTOS - INFORMACIÓN GENERAL | |
| Elementos de longitud fija [NR] | 130821s1982 sp gr spa |
| 020 ## - NUMERO INTERNACIONAL NORMALIZADO PARA LIBROS [R] | |
| Número Internacional Normalizado del libro [NR] | 8421606870 |
| 040 ## - FUENTE DE CATALOGACION [NR] | |
| Agencia de catalogación original [NR] | Co-BoUCM |
| Idioma de catalogación [NR] | spa |
| 041 00 - CODIGO DE IDIOMA [R] | |
| Código de idioma para texto/pista de sonido o título separado [R] | Español |
| 100 1# - ASIENTO PRINCIPAL--NOMBRE PERSONAL [NR] | |
| Nombre personal [NR] | Rojas, Fernando De |
| Fechas asociadas con el nombre [NR] | 1475-1541 |
| ID Autoridad | 149806 |
| 245 13 - MENCION DE TITULO [NR] | |
| Título [NR] | La celestina tragicomedia de Calisto y Melibea |
| Mención de responsabilidad, etc. [NR] | Fernando de Rojas |
| 250 ## - MENCION DE EDICION [NR] | |
| Mención de edición [NR] | 3a. Ed. |
| 260 ## - PUBLICACION, DISTRIBUCION, ETC. (PIE DE IMPRENTA) [R] | |
| Lugar de publicación, distribución, etc. [R] | Barcelona (España) |
| Nombre del editor, distribuidor, etc. [R] | Editorial Juventud |
| Fecha de publicación, distribución, etc. [R] | 1982 |
| 300 ## - DESCRIPCION FISICA [R] | |
| Extensión [R] | 239 páginas |
| 490 ## - MENCION DE SERIE [R] | |
| Mención de serie [R] | Libros de Bolsillo Z |
| Designación numérica/secuencial del volumen [NR] | 129 |
| 500 ## - NOTA GENERAL [R] | |
| Nota general [NR] | Texto modernizado de Manuel Criado de Val, autor de la edición crítica publicada por el Consejo Superior de Investigaciones Científicas |
| 600 1# - ASIENTO SECUNDARIO DE MATERIA - NOMBRE PERSONAL [R] | |
| Nombre personal [NR] | Rojas, Fernando de |
| Fechas asociadas con el nombre [NR] | 1475-1541 |
| Subdivisión general [R] | Crítica e interpretación, etc. |
| 9 (RLIN) | 162493 |
| 650 04 - ASIENTO SECUNDARIO DE MATERIA - TERMINO TEMATICO [R] | |
| Término temático o nombre geográfico como elemento de entrada [NR] | Adulterio en la literatura |
| 9 (RLIN) | 8653 |
| 650 04 - ASIENTO SECUNDARIO DE MATERIA - TERMINO TEMATICO [R] | |
| Término temático o nombre geográfico como elemento de entrada [NR] | Cortejo amoroso |
| Subdivisión de forma [R] | Teatro |
| 9 (RLIN) | 12034 |
| 650 04 - ASIENTO SECUNDARIO DE MATERIA - TERMINO TEMATICO [R] | |
| Término temático o nombre geográfico como elemento de entrada [NR] | Literatura española |
| 9 (RLIN) | 7793 |
| 650 04 - ASIENTO SECUNDARIO DE MATERIA - TERMINO TEMATICO [R] | |
| Término temático o nombre geográfico como elemento de entrada [NR] | Teatro español |
| 9 (RLIN) | 398 |
| 650 04 - ASIENTO SECUNDARIO DE MATERIA - TERMINO TEMATICO [R] | |
| Término temático o nombre geográfico como elemento de entrada [NR] | Tragicomedia |
| Subdivisión geográfica [R] | España |
| 9 (RLIN) | 25655 |
| 942 ## - ELEMENTOS DE ENTRADA AGREGADOS (KOHA) | |
| Tipo de ítem principal el descrito en 300a | Libro |
| Tema principal | Literatura |
| Edición | 3 |
| Parte restante de la signatura top. | R741c |
| Sistema de clasificación | DEWEY |
| Clasificación | 862.2 |
| Fecha de último préstamo | Total préstamos | Total Renewals | Signatura topográfica | Código de barras | Prestado | Última vez visto | Volúmen / Fascículo | Ejemplar | Price effective from | Tipo de ítem | Perdido | Sistema de clasificación | Dañado | No prestable | Tipo de ítem específico | Suprimido | Ubicación habitual | Ubicación actual | Localización | Fecha de creación | Forma de adquisición | Costo |
|---|---|---|---|---|---|---|---|---|---|---|---|---|---|---|---|---|---|---|---|---|---|---|
| 08/05/2026 | 10 | 3 | 862.2 R741c | 100076226 | 01/08/2026 | 08/05/2026 | 3a. Ed. | Ej.1 | 03/02/2013 | Libro | DEWEY | Libro | Hospital Universitario Mayor | Claustro | 9no piso | 28/02/2006 | Compra | 5000.00 |